Vplyv celebrít na nákupné správanie generácií Y a Z

Cieľom tohto príspevku je zistiť, ako spotrebitelia generácií Y a Z vnímajú vplyv celebrít na ich nákupný proces a nákupné rozhodnutia, a poukázať na rozdiely medzi skúmanými generáciami. Aby sme sa oboznámili s problematikou, v úvodnej časti tohto príspevku definujeme základné pojmy ako celebrity č...

Descrizione completa

Salvato in:
Dettagli Bibliografici
Autore principale: Burzová, Simona, 1999-
Natura: Capitolo di libro
Lingua:slovacco
Soggetti:
Tags: Aggiungi Tag
Nessun Tag, puoi essere il primo ad aggiungerne!!

MARC

LEADER 00000naa$a2200000$$$4500
001 0298644
005 20240502074529.9
041 0 |a slo 
044 |a SK 
245 1 0 |a Vplyv celebrít na nákupné správanie generácií Y a Z  |c Simona Burzová 
520 |a Cieľom tohto príspevku je zistiť, ako spotrebitelia generácií Y a Z vnímajú vplyv celebrít na ich nákupný proces a nákupné rozhodnutia, a poukázať na rozdiely medzi skúmanými generáciami. Aby sme sa oboznámili s problematikou, v úvodnej časti tohto príspevku definujeme základné pojmy ako celebrity či spotrebiteľské správanie. 
610 2 0 |a generácie 
610 2 0 |a spotrebitelia 
610 2 0 |a osobnosť 
610 2 0 |a marketing 
610 2 0 |a priemysel umelecký 
610 2 0 |a imidž 
610 2 0 |a zákazníci 
100 1 |a Burzová, Simona, 1999-